Κούγκαρ Cougar : το μεγαλόπρεπο αιλουροειδές : ghost of the rockies

Μια ταινία για τη συμπεριφορά αυτού του μεγαλόπρεπου αιλουροειδούς, για τα μητρικά ένστικτα του και για τη ζωή του στις άγριες περιοχές

Saved in:
Bibliographic Details
Format: Video VHS
Language:English
Greek
Published: [U.S] : Αθήνα : Experiment Video, Διανομή abc, 1992
Series:World of discovery
Subjects:
Tags: Add Tag
No Tags, Be the first to tag this record!

MARC

LEADER 00000 gm a2200000 i 4500
001 1/71581
007 vf cbaho
008 050215s1992 us engod
035 |l 10076570 
040 |a GR-MY-UA  |b gre  |e aacr 
041 0 |a eng  |j gre 
082 0 |a 599.75  |2 (21 έκδ.) 
245 1 0 |a Κούγκαρ  |h [μαγνητοσκόπηση] =  |b Cougar : το μεγαλόπρεπο αιλουροειδές : ghost of the rockies 
246 2 1 |a Cougar  |b ; Ghost of the rockies 
260 |a [U.S] :   |a Αθήνα :   |b Experiment Video,   |b Διανομή abc,   |c 1992 
300 |a 1 βιντεοκασέτα (60 λεπτ.);  |b ομιλ., έγχρ.;  |c 1/2 ίν. 
490 1 |a World of Discovery 
520 |a Μια ταινία για τη συμπεριφορά αυτού του μεγαλόπρεπου αιλουροειδούς, για τα μητρικά ένστικτα του και για τη ζωή του στις άγριες περιοχές 
538 |a VHS 
650 0 0 |a Puma. 
830 0 |a World of discovery 
852 |a INST  |b RHODES  |c AV  |e 20050215  |h 599.75 ΚΟΥ  |p 005400017805  |q 005400017805  |t VC  |y 23 
901 |a BIBL4-2005-1 
909 |a Ρ  |b 042837 
922 |a 4  |b 199604  |c ΒΙΒΛΙΟΘΗΚΗ 
970 |a ΣΜΠΙΛΗ  |b ΕΛΕΝΗ  |z 2005/02/15